00324 a2200109 450000500170000002000150001708200170003224500760004926000430012530000280016870000180019620250628084516.0 a0471782637 a005.8003 MIN aMinoli-Cordovana's Authoritative Computer & Network Security Dictionary aNew YorkbJohn Wiley & Sons,Ltd,c2006 axii,443p.bIndexc25cm. aCORDOVANA, J.